000 00546nam a2200229Ia 4500
003 OSt
005 20220928144657.0
006 a|||||r|||| 00| 0
007 ta
008 220927b |||||||| |||| 00| 0 eng d
024 _a72989
037 _cTextual
040 _aSDCL
_cSDCL
_beng
041 _2eng
_aeng
082 _aX:8Y, M0
100 _aCarvell Fred J
_9509042
245 0 _aHuman relations in business.
250 _a3
260 _c1980
942 _hX:8Y, M0
_cTEXL
_2CC
999 _c828897
_d828897